| 000 | 00523nam a2200169 4500 | ||
|---|---|---|---|
| 999 |
_c4731 _d4731 |
||
| 008 | 160920b xxu||||| |||| 00| 0 eng d | ||
| 022 | _a2094-8042 | ||
| 082 | _aDPer 370.105 M72 Jan-Dec 2012 v. 60-61 | ||
| 100 |
_915028 _aCustodio, Sergio |
||
| 243 | _aThe modern teacher | ||
| 245 |
_aLinggo ng magulang/ _cSergio Custodio. |
||
| 260 |
_aPhilippines: _bIn the Grade School, Inc., _c©2012. |
||
| 300 |
_av61 n7, page 275; _c28 cm. |
||
| 500 | _aThe Modern Teacher. | ||
| 650 | 0 |
_915029 _aPoetry |
|
| 942 |
_2ddc _cPER |
||